000
00254nam a2200109Ia 4500
008
240625s9999 xx 000 0 und d
041
_a
eng
082
_a
519.5 AND
100
_a
ANDERSON
245
_a
STATISTICS FOR BUSINESS AND ECONOMICS
260
_c
2007
999
_c
34990
_d
34990